000 nam a22 7a 4500
999 _c45136
_d45136
003 OSt
005 20190403122619.0
008 190403b xxu||||| |||| 00| 0 eng d
040 _csero soft
100 _aSaxena,A.B
245 _aEssentials of Environmental Education
260 _aAgra
_bH.P.B
300 _a284
942 _2ddc
_c02